[Event "Toronto-ch Seniors"]
[Site "Toronto CAN"]
[Date "2009.11.10"]
[Round "5"]
[White "Bellomo, Joe"]
[Black "Termeer, Ted"]
[Result "1-0"]
[WhiteElo "1728"]
[BlackElo "1464"]
[PlyCount "105"]
[GameId "2160767910096437"]
[EventDate "2009.10.13"]
[EventType "tourn"]
[EventRounds "7"]
[EventCountry "CAN"]
[SourceTitle "EXT 2011"]
[Source "ChessBase"]
[SourceDate "2011.11.26"]
[SourceVersion "1"]
[SourceVersionDate "2011.11.26"]
[SourceQuality "1"]

1. e4 e5 2. Nf3 d6 3. Bc4 h6 4. O-O Nc6 5. a3 Na5 6. Ba2 Bg4 7. d3 Nf6 8. Nc3 Nc6 9. h3 Bh5 10. Re1 Nd4 11. g4 Nxg4 12. hxg4 Bxg4 13. Bxf7+ Kxf7 14. Nxe5+ dxe5 15. Qxg4 Nxc2 16. Qf5+ Kg8 17. Be3 Nxa1 18. Rxa1 Qf6 19. Qxf6 gxf6 20. Nd5 Bd6 21. Nxf6+ Kf7 22. Nh5 Rag8+ 23. Kf1 b6 24. b4 Be7 25. Rc1 Bd6 26. d4 Kg6 27. Ng3 h5 28. Rc6 Kf7 29. dxe5 Bxe5 30. Nf5 h4 31. Nh6+ Kg7 32. Nxg8 Kxg8 33. Re6 Rh5 34. Rh6 Rxh6 35. Bxh6 Kf7 36. Kg2 Bb2 37. a4 Bc3 38. b5 Bf6 39. f4 Kg6 40. Bf8 Kf7 41. Bb4 Ke6 42. Kh3 Kf7 43. Be1 Ke6 44. Bxh4 Bg7 45. Kg4 Kd6 46. Kf5 Kc5 47. e5 Kb4 48. e6 Bf8 49. e7 Bxe7 50. Bxe7+ Kxa4 51. Ke6 Kxb5 52. f5 c5 53. f6 1-0

[Event "Toronto-ch Seniors"]
[Site "Toronto CAN"]
[Date "2009.11.10"]
[Round "5"]
[White "Pussar, Antonio"]
[Black "Stein, Mickey"]
[Result "0-1"]
[WhiteElo "1235"]
[BlackElo "2042"]
[PlyCount "88"]
[GameId "2160767910096438"]
[EventDate "2009.10.13"]
[EventType "tourn"]
[EventRounds "7"]
[EventCountry "CAN"]
[SourceTitle "EXT 2011"]
[Source "ChessBase"]
[SourceDate "2011.11.26"]
[SourceVersion "1"]
[SourceVersionDate "2011.11.26"]
[SourceQuality "1"]

1. e4 c6 2. d4 d5 3. e5 c5 4. c3 e6 5. Bb5+ Nc6 6. Nf3 Bd7 7. Ng5 Be7 8. Bxc6 bxc6 9. h4 Nh6 10. Qf3 cxd4 11. a3 dxc3 12. Nxc3 c5 13. b3 Rb8 14. Rb1 a5 15. O-O O-O 16. g3 a4 17. Qh5 Rxb3 18. Bd2 c4 19. Nh3 Nf5 20. Ng5 Bxg5 21. Bxg5 f6 22. exf6 gxf6 23. Bh6 Nxh6 24. Qxh6 Qe8 25. Ne2 Qg6 26. Qxg6+ hxg6 27. Nf4 Rfb8 28. Rbe1 Kf7 29. g4 c3 30. Rc1 d4 31. Rfe1 e5 32. Nd3 Bxg4 33. Nc5 Rxa3 34. Kg2 Rc8 35. Nd3 Bf5 36. Nb4 d3 37. Re3 d2 38. Rd1 Rb3 39. Nd3 Bxd3 40. Rxd3 c2 41. Rd7+ Ke6 42. R1xd2 c1=Q 43. R2d6+ Kf5 44. Rf7 Qc6+ 0-1

[Event "Toronto-ch Seniors"]
[Site "Toronto CAN"]
[Date "2009.11.10"]
[Round "5"]
[White "Tobolovsky, Evgeni"]
[Black "Moran-Venegas, Mario"]
[Result "1-0"]
[WhiteElo "1560"]
[BlackElo "1656"]
[PlyCount "83"]
[GameId "2160767910096439"]
[EventDate "2009.10.13"]
[EventType "tourn"]
[EventRounds "7"]
[EventCountry "CAN"]
[SourceTitle "EXT 2011"]
[Source "ChessBase"]
[SourceDate "2011.11.26"]
[SourceVersion "1"]
[SourceVersionDate "2011.11.26"]
[SourceQuality "1"]

1. e4 c5 2. c3 Qa5 3. Nf3 Nc6 4. Be2 d6 5. O-O Nf6 6. d3 g6 7. Nbd2 Bg7 8. Nc4 Qc7 9. Bg5 b5 10. Ne3 e6 11. Qc2 O-O 12. Nd2 h6 13. Bxf6 Bxf6 14. f4 b4 15. Rae1 bxc3 16. bxc3 Ne7 17. Rb1 Bd7 18. Bf3 Rab8 19. Ndc4 Bg7 20. g3 Bc6 21. Bg2 f5 22. Rfe1 Rxb1 23. Rxb1 d5 24. Nd2 d4 25. Nd1 dxc3 26. Nxc3 Bd4+ 27. Kh1 Qa5 28. Ne2 Ba4 29. Nb3 Bxb3 30. Qxb3 Kf7 31. Nxd4 cxd4 32. Qb2 Rd8 33. h4 Qc3 34. Qe2 fxe4 35. Bxe4 Rd7 36. h5 g5 37. fxg5 hxg5 38. Rf1+ Kg7 39. Qg4 Qc5 40. Qxe6 Qd6 41. h6+ Kh8 42. Rf8+ 1-0

[Event "Toronto-ch Seniors"]
[Site "Toronto CAN"]
[Date "2009.11.17"]
[Round "6"]
[White "Armstrong, Robert J"]
[Black "Pussar, Antonio"]
[Result "1-0"]
[WhiteElo "1829"]
[BlackElo "1235"]
[PlyCount "41"]
[GameId "2160767910096440"]
[EventDate "2009.10.13"]
[EventType "tourn"]
[EventRounds "7"]
[EventCountry "CAN"]
[SourceTitle "EXT 2011"]
[Source "ChessBase"]
[SourceDate "2011.11.26"]
[SourceVersion "1"]
[SourceVersionDate "2011.11.26"]
[SourceQuality "1"]

1. d4 d5 2. c4 Nf6 3. e3 Bf5 4. Nf3 h6 5. Bd3 e6 6. Bxf5 exf5 7. O-O Ne4 8. Qb3 b6 9. cxd5 Bd6 10. Nc3 Ng5 11. Ne5 Bxe5 12. dxe5 O-O 13. e4 fxe4 14. e6 fxe6 15. dxe6 Nf3+ 16. gxf3 Rxf3 17. e7+ Kh8 18. exd8=Q+ Kh7 19. Qbg8+ Kg6 20. Qde8+ Kf6 21. Qge6# 1-0

[Event "Toronto-ch Seniors"]
[Site "Toronto CAN"]
[Date "2009.11.17"]
[Round "6"]
[White "Azmitia, Gabriel"]
[Black "Moran-Venegas, Mario"]
[Result "1-0"]
[WhiteElo "1467"]
[BlackElo "1656"]
[PlyCount "81"]
[GameId "2160767910096441"]
[EventDate "2009.10.13"]
[EventType "tourn"]
[EventRounds "7"]
[EventCountry "CAN"]
[SourceTitle "EXT 2011"]
[Source "ChessBase"]
[SourceDate "2011.11.26"]
[SourceVersion "1"]
[SourceVersionDate "2011.11.26"]
[SourceQuality "1"]

1. d4 Nf6 2. Nf3 g6 3. b3 Bg7 4. Bb2 O-O 5. e3 b6 6. Bd3 Bb7 7. Nbd2 Na6 8. a3 c5 9. Qe2 Qc8 10. O-O d5 11. Ne5 e6 12. f3 cxd4 13. exd4 Nc7 14. g4 Nce8 15. h4 Nd6 16. a4 Nfe8 17. Ba3 Qd8 18. Qh2 Rc8 19. Rac1 Bh6 20. g5 Bg7 21. f4 f5 22. h5 Nc7 23. hxg6 hxg6 24. Bxd6 Qxd6 25. Ndf3 Qb4 26. Qf2 Bxe5 27. Nxe5 Kg7 28. Kg2 Rh8 29. Rh1 b5 30. Qe3 bxa4 31. bxa4 Qxa4 32. Ra1 Qb4 33. Rab1 Qa5 34. Rxb7 Rxh1 35. Kxh1 Qa1+ 36. Kg2 a5 37. Nf3 Qc3 38. Qe5+ Kh7 39. Qxe6 Rg8 40. Qe1 Qc6 41. Qh1+ 1-0

[Event "Toronto-ch Seniors"]
[Site "Toronto CAN"]
[Date "2009.11.17"]
[Round "6"]
[White "Stein, Mickey"]
[Black "Bellomo, Joe"]
[Result "1-0"]
[WhiteElo "2042"]
[BlackElo "1728"]
[PlyCount "95"]
[GameId "2160767910096442"]
[EventDate "2009.10.13"]
[EventType "tourn"]
[EventRounds "7"]
[EventCountry "CAN"]
[SourceTitle "EXT 2011"]
[Source "ChessBase"]
[SourceDate "2011.11.26"]
[SourceVersion "1"]
[SourceVersionDate "2011.11.26"]
[SourceQuality "1"]

1. e4 c5 2. Nf3 d6 3. d4 cxd4 4. Qxd4 Nc6 5. Bb5 Bd7 6. Bxc6 Bxc6 7. Nc3 Nf6 8. Bg5 e6 9. O-O-O Be7 10. Rhe1 O-O 11. e5 dxe5 12. Qh4 Qb6 13. Nxe5 Rac8 14. Nxc6 Qxc6 15. Kb1 h6 16. Bd2 Nd5 17. Qe4 Bf6 18. Nxd5 exd5 19. Qd3 Qb6 20. Bc1 Qxf2 21. Rf1 Qb6 22. Qxd5 Rcd8 23. Qf5 Rxd1 24. Rxd1 Re8 25. Rf1 Re6 26. g4 Qb4 27. a3 Qb6 28. h4 Re5 29. Qf3 Rb5 30. c3 Qc7 31. Rh1 Bxc3 32. Ka1 Bf6 33. g5 hxg5 34. hxg5 Bxg5 35. Qh5 Kf8 36. Bxg5 f6 37. Qh8+ Kf7 38. Bc1 Rc5 39. Kb1 Qe5 40. Qh3 Qe4+ 41. Ka1 Qd5 42. Rg1 Qc6 43. Bd2 Qb5 44. Qg3 g5 45. Bc3 Qc6 46. Qf2 Rd5 47. Rf1 Rd6 48. Qf5 1-0

[Event "Toronto-ch Seniors"]
[Site "Toronto CAN"]
[Date "2009.11.17"]
[Round "6"]
[White "Termeer, Ted"]
[Black "Tobolovsky, Evgeni"]
[Result "0-1"]
[WhiteElo "1464"]
[BlackElo "1560"]
[PlyCount "100"]
[GameId "2160767910096443"]
[EventDate "2009.10.13"]
[EventType "tourn"]
[EventRounds "7"]
[EventCountry "CAN"]
[SourceTitle "EXT 2011"]
[Source "ChessBase"]
[SourceDate "2011.11.26"]
[SourceVersion "1"]
[SourceVersionDate "2011.11.26"]
[SourceQuality "1"]

1. Nf3 d5 2. d4 Nf6 3. e3 e6 4. c4 c6 5. Nc3 Nbd7 6. b3 Bb4 7. Bd2 Qe7 8. Be2 O-O 9. O-O e5 10. dxe5 Nxe5 11. Qe1 Bg4 12. Nd4 Bxe2 13. Ncxe2 Bxd2 14. Qxd2 dxc4 15. f4 Neg4 16. Rf3 Rfd8 17. Qc1 c5 18. Nf5 Qd7 19. Nfg3 cxb3 20. axb3 Qd5 21. h3 Nh6 22. Qc2 b6 23. e4 Qd2 24. Qxd2 Rxd2 25. Nc3 Rdd8 26. e5 Nd5 27. Nb5 a6 28. Nd6 Kf8 29. f5 f6 30. Rd1 Nb4 31. exf6 Nf7 32. fxg7+ Kxg7 33. Nge4 Nxd6 34. Rxd6 Rxd6 35. Nxd6 Rd8 36. Nc4 b5 37. Ne5 Kf6 38. Ng4+ Kf7 39. h4 h5 40. Nf2 Rd4 41. g3 c4 42. bxc4 Rxc4 43. Nd3 Nxd3 44. Rxd3 b4 45. Rd7+ Ke8 46. Ra7 b3 47. Ra8+ Ke7 48. Ra7+ Kd8 49. f6 b2 50. f7 b1=Q+ 0-1

[Event "Toronto-ch Seniors"]
[Site "Toronto CAN"]
[Date "2009.11.24"]
[Round "7"]
[White "Bellomo, Joe"]
[Black "Armstrong, Robert J"]
[Result "1-0"]
[WhiteElo "1728"]
[BlackElo "1829"]
[PlyCount "51"]
[GameId "2160767910096444"]
[EventDate "2009.10.13"]
[EventType "tourn"]
[EventRounds "7"]
[EventCountry "CAN"]
[SourceTitle "EXT 2011"]
[Source "ChessBase"]
[SourceDate "2011.11.26"]
[SourceVersion "1"]
[SourceVersionDate "2011.11.26"]
[SourceQuality "1"]

1. e4 g6 2. d4 Bg7 3. Nf3 d6 4. Be3 Nf6 5. Nc3 O-O 6. h3 c6 7. Bd3 b5 8. a3 Bb7 9. Qc1 a5 10. Bh6 b4 11. Bxg7 Kxg7 12. Ne2 Qc7 13. O-O c5 14. e5 Nfd7 15. c3 c4 16. Bb1 Bxf3 17. gxf3 bxa3 18. Rxa3 dxe5 19. Be4 Ra6 20. Qg5 exd4 21. Nxd4 Nf6 22. Nf5+ Kh8 23. Ng3 Nbd7 24. Re1 Nc5 25. Qh6 Re6 26. Qxf8+ 1-0

[Event "Toronto-ch Seniors"]
[Site "Toronto CAN"]
[Date "2009.11.24"]
[Round "7"]
[White "Moran-Venegas, Mario"]
[Black "Termeer, Ted"]
[Result "1-0"]
[WhiteElo "1656"]
[BlackElo "1464"]
[PlyCount "79"]
[GameId "2160767910096445"]
[EventDate "2009.10.13"]
[EventType "tourn"]
[EventRounds "7"]
[EventCountry "CAN"]
[SourceTitle "EXT 2011"]
[Source "ChessBase"]
[SourceDate "2011.11.26"]
[SourceVersion "1"]
[SourceVersionDate "2011.11.26"]
[SourceQuality "1"]

1. e4 e5 2. Nf3 d6 3. d4 exd4 4. Qxd4 Nc6 5. Bb5 Bd7 6. Bxc6 Bxc6 7. Nc3 Qf6 8. Be3 Qxd4 9. Nxd4 Bd7 10. Ndb5 O-O-O 11. Nxa7+ Kb8 12. Nab5 Nf6 13. f3 h5 14. a4 g6 15. Bg5 Bg7 16. O-O-O Bc6 17. Nd5 Bxd5 18. exd5 Bh6 19. Bxh6 Rxh6 20. Rhe1 Rd7 21. Nc3 Rh8 22. Re2 Re8 23. Rde1 Rxe2 24. Rxe2 b6 25. Kd2 Kb7 26. Kd3 Ka6 27. b4 Kb7 28. Kd4 Ng8 29. Ne4 Re7 30. c4 f5 31. Nc3 Rg7 32. Re6 g5 33. Ne2 h4 34. Ke3 Kc8 35. Nd4 f4+ 36. Ke4 Kd7 37. Nc6 Ne7 38. Nxe7 Rxe7 39. Rxe7+ Kxe7 40. Kf5 1-0

[Event "Toronto-ch Seniors"]
[Site "Toronto CAN"]
[Date "2009.11.24"]
[Round "7"]
[White "Pussar, Antonio"]
[Black "Azmitia, Gabriel"]
[Result "0-1"]
[WhiteElo "1235"]
[BlackElo "1467"]
[PlyCount "62"]
[GameId "2160767910096446"]
[EventDate "2009.10.13"]
[EventType "tourn"]
[EventRounds "7"]
[EventCountry "CAN"]
[SourceTitle "EXT 2011"]
[Source "ChessBase"]
[SourceDate "2011.11.26"]
[SourceVersion "1"]
[SourceVersionDate "2011.11.26"]
[SourceQuality "1"]

1. e4 c5 2. Bc4 e6 3. Nf3 a6 4. a3 Nc6 5. c3 d6 6. d3 Be7 7. O-O b5 8. Ba2 Bb7 9. h3 Rc8 10. Nh2 Qb6 11. Be3 Nf6 12. Nd2 Qc7 13. f4 O-O 14. f5 exf5 15. Rxf5 Rce8 16. Bf4 Bc8 17. Rg5 Ne5 18. Qe2 Ng6 19. Qe3 Nd7 20. Rh5 Nf6 21. Rg5 Bd8 22. Qg3 Be7 23. Qf3 Kh8 24. Rf1 h6 25. Rg3 Nxf4 26. Qe3 Be6 27. Bb1 N6h5 28. Rgf3 Bg5 29. Qe2 Nxe2+ 30. Kh1 Nhg3+ 31. Rxg3 Nxg3+ 0-1

[Event "Toronto-ch Seniors"]
[Site "Toronto CAN"]
[Date "2009.11.24"]
[Round "7"]
[White "Tobolovsky, Evgeni"]
[Black "Stein, Mickey"]
[Result "1-0"]
[WhiteElo "1560"]
[BlackElo "2042"]
[PlyCount "75"]
[GameId "2160767910096447"]
[EventDate "2009.10.13"]
[EventType "tourn"]
[EventRounds "7"]
[EventCountry "CAN"]
[SourceTitle "EXT 2011"]
[Source "ChessBase"]
[SourceDate "2011.11.26"]
[SourceVersion "1"]
[SourceVersionDate "2011.11.26"]
[SourceQuality "1"]

1. e4 e5 2. Nf3 Nc6 3. Bb5 a6 4. Ba4 Nf6 5. d4 Nxd4 6. Nxd4 exd4 7. e5 Bb4+ 8. c3 dxc3 9. bxc3 Qe7 10. O-O Bc5 11. exf6 Qxf6 12. Qe2+ Kd8 13. Re1 c6 14. Bb2 b5 15. Bb3 Kc7 16. Nd2 d5 17. Nf1 Re8 18. Qd2 Rxe1 19. Rxe1 Qg6 20. Bc2 Qd6 21. Ng3 Be6 22. Qg5 Kb6 23. Bc1 Qf8 24. Nf5 g6 25. Nd4 Bxd4 26. cxd4 a5 27. Qe3 Qd6 28. h3 Re8 29. Bd2 Ra8 30. Rb1 Kc7 31. Qe1 a4 32. Qc1 Qe7 33. Bd3 Kd7 34. Bb4 Qf6 35. Qc5 Bf5 36. Bxf5+ gxf5 37. Re1 Ra6 38. Qf8 1-0

[Event "Trumpeter op"]
[Site "Grande Prairie CAN"]
[Date "2009.01.31"]
[Round "1"]
[White "Caughlin, Wade"]
[Black "Longson, Stan"]
[Result "1-0"]
[WhiteElo "1788"]
[BlackElo "1406"]
[PlyCount "47"]
[GameId "2160767910264895"]
[EventDate "2009.01.31"]
[EventType "swiss"]
[EventRounds "5"]
[EventCountry "CAN"]
[SourceTitle "EXT 2011"]
[Source "ChessBase"]
[SourceDate "2011.11.26"]
[SourceVersion "1"]
[SourceVersionDate "2011.11.26"]
[SourceQuality "1"]

1. e4 e5 2. Nf3 d6 3. d4 exd4 4. Nxd4 Nf6 5. Nc3 Be7 6. Be2 Bd7 7. O-O O-O 8. f4 Nc6 9. Nb3 b6 10. Be3 Bc8 11. Qe1 Bb7 12. a3 a5 13. Rd1 Qc8 14. Qg3 Ba6 15. Bxa6 Rxa6 16. e5 Ng4 17. Nd4 Nxe3 18. Nxc6 Nf5 19. Nxe7+ Nxe7 20. exd6 Nf5 21. Qd3 Nxd6 22. Nd5 Qb7 23. Nxc7 Qxc7 24. Qxa6 1-0

[Event "Trumpeter op"]
[Site "Grande Prairie CAN"]
[Date "2009.01.31"]
[Round "1"]
[White "Fitler, Stan"]
[Black "Johnson, Dean"]
[Result "1/2-1/2"]
[WhiteElo "1402"]
[BlackElo "1782"]
[PlyCount "126"]
[GameId "2160767910264896"]
[EventDate "2009.01.31"]
[EventType "swiss"]
[EventRounds "5"]
[EventCountry "CAN"]
[SourceTitle "EXT 2011"]
[Source "ChessBase"]
[SourceDate "2011.11.26"]
[SourceVersion "1"]
[SourceVersionDate "2011.11.26"]
[SourceQuality "1"]

1. e4 e5 2. Bc4 Nf6 3. d3 Bc5 4. Nf3 Nc6 5. c3 O-O 6. h4 Ng4 7. Ng5 Bxf2+ 8. Ke2 d6 9. Rf1 Na5 10. Rxf2 Nxf2 11. Kxf2 Nxc4 12. dxc4 Qf6+ 13. Kg1 h6 14. Nf3 Bg4 15. Qf1 Bxf3 16. Qxf3 Qxh4 17. Be3 g5 18. Nd2 g4 19. Qf5 Rae8 20. Nf1 g3 21. Qh3 Qxh3 22. gxh3 Re6 23. Kg2 Rg6 24. Nxg3 Kh7 25. Kf2 Rfg8 26. Rg1 a6 27. h4 Rg4 28. h5 Rh4 29. Ra1 Rhg4 30. Rg1 b5 31. cxb5 axb5 32. a3 c6 33. b3 d5 34. exd5 cxd5 35. a4 f5 36. axb5 f4 37. Bd2 fxg3+ 38. Kg2 Rb8 39. Kf3 Rgg8 40. Rxg3 Rxg3+ 41. Kxg3 Rxb5 42. b4 Rb7 43. Kg4 Rf7 44. b5 Kg7 45. Be3 Rb7 46. b6 d4 47. cxd4 Rxb6 48. dxe5 Rb4+ 49. Kf5 Rb3 50. Bf4 Kf7 51. e6+ Ke7 52. Bxh6 Rb5+ 53. Kg6 Kxe6 54. Bg7 Rb1 55. h6 Rg1+ 56. Kh7 Kf7 57. Kh8 Rg6 58. Kh7 Rg4 59. Kh8 Ra4 60. Kh7 Ra8 61. Bh8 Rd8 62. Bg7 Rd5 63. Bc3 Rg5 1/2-1/2

[Event "Trumpeter op"]
[Site "Grande Prairie CAN"]
[Date "2009.01.31"]
[Round "1"]
[White "Moloney, Nicholas"]
[Black "Quiring, John"]
[Result "1-0"]
[WhiteElo "2199"]
[BlackElo "1830"]
[PlyCount "55"]
[GameId "2160767910264897"]
[EventDate "2009.01.31"]
[EventType "swiss"]
[EventRounds "5"]
[EventCountry "CAN"]
[SourceTitle "EXT 2011"]
[Source "ChessBase"]
[SourceDate "2011.11.26"]
[SourceVersion "1"]
[SourceVersionDate "2011.11.26"]
[SourceQuality "1"]

1. e4 g6 2. d4 d6 3. Nc3 Bg7 4. Bc4 Nd7 5. Nf3 Nh6 6. O-O c6 7. a4 a5 8. Qe2 O-O 9. h3 Kh8 10. Bg5 f6 11. Bd2 f5 12. Bb3 fxe4 13. Nxe4 Nf5 14. c3 d5 15. Neg5 Nf6 16. Ne5 Nd6 17. Bc2 Bf5 18. Bxf5 gxf5 19. Ne6 Qb6 20. Nxf8 Rxf8 21. Bf4 Qd8 22. Rfe1 Qe8 23. Nd3 Qg6 24. Qxe7 Nde4 25. Ne5 Qh5 26. f3 Ng8 27. Qxb7 Nef6 28. Nd7 1-0

[Event "Trumpeter op"]
[Site "Grande Prairie CAN"]
[Date "2009.01.31"]
[Round "1"]
[White "Nisbet, Rob"]
[Black "Sequillion, Aaron"]
[Result "0-1"]
[WhiteElo "1737"]
[BlackElo "1893"]
[PlyCount "50"]
[GameId "2160767910264898"]
[EventDate "2009.01.31"]
[EventType "swiss"]
[EventRounds "5"]
[EventCountry "CAN"]
[SourceTitle "EXT 2011"]
[Source "ChessBase"]
[SourceDate "2011.11.26"]
[SourceVersion "1"]
[SourceVersionDate "2011.11.26"]
[SourceQuality "1"]

1. e4 c5 2. Nf3 Nc6 3. d4 cxd4 4. Nxd4 e5 5. Nb5 d6 6. c4 a6 7. N5a3 f5 8. Bd3 fxe4 9. Bxe4 Nf6 10. Nc3 Be7 11. Bb1 O-O 12. Bg5 Be6 13. Bxf6 gxf6 14. g4 f5 15. gxf5 Bxf5 16. Be4 Bh4 17. O-O Bh3 18. Bg2 Qg5 19. Qd5+ Kh8 20. Kh1 Nb4 21. Qxb7 Rab8 22. Qe4 Rf4 23. Bxh3 Rxe4 24. Nxe4 Qf4 25. Nxd6 Nd3 0-1

[Event "Trumpeter op"]
[Site "Grande Prairie CAN"]
[Date "2009.01.31"]
[Round "1"]
[White "Pradzinski, Tim"]
[Black "Panteluk, Steven"]
[Result "1-0"]
[WhiteElo "1907"]
[BlackElo "1750"]
[PlyCount "65"]
[GameId "2160767910264899"]
[EventDate "2009.01.31"]
[EventType "swiss"]
[EventRounds "5"]
[EventCountry "CAN"]
[SourceTitle "EXT 2011"]
[Source "ChessBase"]
[SourceDate "2011.11.26"]
[SourceVersion "1"]
[SourceVersionDate "2011.11.26"]
[SourceQuality "1"]

1. e4 e5 2. f4 exf4 3. Nf3 d6 4. Bc4 Nf6 5. Nc3 Be6 6. Qe2 Be7 7. Bxe6 fxe6 8. d4 O-O 9. Bxf4 Nc6 10. O-O-O Nd7 11. Be3 a5 12. h4 Nb4 13. a3 Na6 14. Ng5 Rf6 15. Rdf1 Nf8 16. Qc4 Qd7 17. g4 c6 18. e5 b5 19. Qd3 Rg6 20. Nxh7 Rxg4 21. Nxf8 Bxf8 22. Qe2 Rg3 23. Ne4 Rxe3 24. Qxe3 dxe5 25. dxe5 b4 26. Rhg1 Kh8 27. Qg5 Qe8 28. Rxf8+ Qxf8 29. Qh5+ Kg8 30. Nf6+ Qxf6 31. exf6 bxa3 32. Rxg7+ Kf8 33. Qh8# 1-0

[Event "Trumpeter op"]
[Site "Grande Prairie CAN"]
[Date "2009.01.31"]
[Round "1"]
[White "Stutzman, Larry"]
[Black "Robertson, Archie"]
[Result "0-1"]
[WhiteElo "1642"]
[BlackElo "1801"]
[PlyCount "90"]
[GameId "2160767910264900"]
[EventDate "2009.01.31"]
[EventType "swiss"]
[EventRounds "5"]
[EventCountry "CAN"]
[SourceTitle "EXT 2011"]
[Source "ChessBase"]
[SourceDate "2011.11.26"]
[SourceVersion "1"]
[SourceVersionDate "2011.11.26"]
[SourceQuality "1"]

1. c4 e5 2. Nc3 Nc6 3. e3 b6 4. g3 Bb7 5. Bg2 Nf6 6. Nge2 Be7 7. O-O O-O 8. a3 Na5 9. Nd5 c6 10. Nxe7+ Qxe7 11. d3 c5 12. Bxb7 Nxb7 13. Nc3 Rfd8 14. b3 d5 15. cxd5 Nxd5 16. Qc2 Rd7 17. Rd1 Rad8 18. Ne2 Nf6 19. Bb2 Qe6 20. Kg2 Qf5 21. e4 Qh5 22. h3 Rd6 23. Ng1 Na5 24. Nf3 Nc6 25. Nh4 Nxe4 26. Nf5 Qxf5 27. dxe4 Qh5 28. Rxd6 Rxd6 29. g4 Qg6 30. Qe2 Nd4 31. Bxd4 exd4 32. Rd1 Qe6 33. Rd3 b5 34. f3 h6 35. Qb2 Qd7 36. Qc2 Qc6 37. Qb2 Qb6 38. Kg3 c4 39. bxc4 bxc4 40. Qxb6 axb6 41. Rd1 c3 42. Kf2 d3 43. Ke3 c2 44. Rxd3 Rxd3+ 45. Kxd3 c1=Q 0-1

[Event "Trumpeter op"]
[Site "Grande Prairie CAN"]
[Date "2009.01.31"]
[Round "1"]
[White "White, Chris"]
[Black "Lefkowitz, Phil"]
[Result "1/2-1/2"]
[WhiteElo "1847"]
[BlackElo "1681"]
[PlyCount "40"]
[GameId "2160767910264901"]
[EventDate "2009.01.31"]
[EventType "swiss"]
[EventRounds "5"]
[EventCountry "CAN"]
[SourceTitle "EXT 2011"]
[Source "ChessBase"]
[SourceDate "2011.11.26"]
[SourceVersion "1"]
[SourceVersionDate "2011.11.26"]
[SourceQuality "1"]

1. d4 d5 2. c4 e6 3. Nc3 Nf6 4. Bg5 Nbd7 5. Nf3 Be7 6. e3 O-O 7. Bd3 c6 8. O-O a6 9. Re1 h6 10. Bh4 dxc4 11. Bxc4 b5 12. Be2 Bb7 13. Rc1 c5 14. b3 Rc8 15. h3 cxd4 16. Qxd4 Rc7 17. Bg3 Rc8 18. Red1 Bc5 19. Qd3 Qb6 20. Qb1 Ba3 1/2-1/2

[Event "Trumpeter op"]
[Site "Grande Prairie CAN"]
[Date "2009.01.31"]
[Round "1"]
[White "Wong, Ford"]
[Black "Yearwood, Roy"]
[Result "0-1"]
[WhiteElo "1778"]
[BlackElo "2075"]
[PlyCount "70"]
[GameId "2160767910264902"]
[EventDate "2009.01.31"]
[EventType "swiss"]
[EventRounds "5"]
[EventCountry "CAN"]
[SourceTitle "EXT 2011"]
[Source "ChessBase"]
[SourceDate "2011.11.26"]
[SourceVersion "1"]
[SourceVersionDate "2011.11.26"]
[SourceQuality "1"]

1. d4 Nc6 2. e4 d5 3. e5 Bf5 4. Nf3 Nb4 5. Na3 e6 6. c3 Nc6 7. Be2 Nge7 8. O-O Ng6 9. Nc2 f6 10. exf6 gxf6 11. Ne3 Be4 12. Nd2 f5 13. f3 f4 14. Ng4 Bf5 15. Bb5 h5 16. Bxc6+ bxc6 17. Ne5 Qg5 18. Kh1 Nxe5 19. dxe5 Bd3 20. Rg1 Bc5 21. Nb3 Bxg1 22. Kxg1 Rg8 23. Qd2 Bc4 24. Nd4 Kd7 25. b3 Bd3 26. Ba3 h4 27. Kh1 h3 28. g4 fxg3 29. Qxg5 Rxg5 30. hxg3 Rxg3 31. Rg1 Rxg1+ 32. Kxg1 Rg8+ 33. Kh2 Bf1 34. Bb4 a5 35. Bxa5 c5 0-1

[Event "Trumpeter op"]
[Site "Grande Prairie CAN"]
[Date "2009.01.31"]
[Round "1"]
[White "Zeggelaar, Mike"]
[Black "Schech, Roland"]
[Result "1-0"]
[WhiteElo "1825"]
[BlackElo "1652"]
[PlyCount "83"]
[GameId "2160767910264903"]
[EventDate "2009.01.31"]
[EventType "swiss"]
[EventRounds "5"]
[EventCountry "CAN"]
[SourceTitle "EXT 2011"]
[Source "ChessBase"]
[SourceDate "2011.11.26"]
[SourceVersion "1"]
[SourceVersionDate "2011.11.26"]
[SourceQuality "1"]

1. Nc3 b6 2. d3 Bb7 3. Nf3 d5 4. Bf4 a6 5. e3 g6 6. Be5 f6 7. Bg3 Bg7 8. Nd4 Qd7 9. Be2 Nh6 10. f4 Nc6 11. Nf3 Nf5 12. Bf2 e5 13. Nxd5 Qxd5 14. e4 Qa5+ 15. c3 Nfd4 16. Nxd4 Nxd4 17. b4 Qa3 18. cxd4 Qc3+ 19. Kf1 Qxb4 20. d5 exf4 21. Rc1 Qd6 22. Qa4+ b5 23. Qa5 Rc8 24. Bg4 f5 25. Bf3 c5 26. Qa3 Bf8 27. e5 Qb6 28. d6 Bxf3 29. gxf3 Qb7 30. Kg2 g5 31. d4 g4 32. Rxc5 Rg8 33. Rxc8+ Qxc8 34. Rc1 gxf3+ 35. Kf1 Qa8 36. e6 Rg7 37. d7+ Rxd7 38. exd7+ Kf7 39. Qb3+ Kg7 40. Qe6 Qe4 41. Qxe4 fxe4 42. d8=Q 1-0

[Event "Trumpeter op"]
[Site "Grande Prairie CAN"]
[Date "2009.01.31"]
[Round "2"]
[White "Caughlin, Wade"]
[Black "Pradzinski, Tim"]
[Result "0-1"]
[WhiteElo "1788"]
[BlackElo "1907"]
[PlyCount "56"]
[GameId "2160767910264904"]
[EventDate "2009.01.31"]
[EventType "swiss"]
[EventRounds "5"]
[EventCountry "CAN"]
[SourceTitle "EXT 2011"]
[Source "ChessBase"]
[SourceDate "2011.11.26"]
[SourceVersion "1"]
[SourceVersionDate "2011.11.26"]
[SourceQuality "1"]

1. c4 e5 2. g3 Nf6 3. Bg2 Nc6 4. Nc3 d6 5. d3 Be6 6. Nf3 h6 7. O-O Be7 8. Bd2 Qd7 9. Re1 O-O-O 10. b4 Bh3 11. Bh1 Nh5 12. b5 Nd4 13. e3 Ne6 14. Nxe5 dxe5 15. Qxh5 Ng5 16. Nd5 Bc5 17. d4 Bg4 18. Qh4 Nh3+ 19. Kf1 g5 20. Nf6 gxh4 21. Nxd7 Rxd7 22. gxh4 exd4 23. exd4 Bxd4 24. Rac1 Bxf2 25. Re2 Bxe2+ 26. Kxe2 Re8+ 27. Kd1 Be3 28. Rc2 Nf2+ 0-1